000 00441nam a2200157Ia 4500
008 210716s2001 xx 000 0 und d
020 _a8187328355
041 _aeng
082 _a005.133 VARP
100 _aVaralakshmi, P V N.
245 _aProjects using c: with concepts and algorithms.
_bConcepts and algorithms.
250 _a1
260 _aChennai
_bScitech Publications Pvt Ltd.
_c2001
300 _a509
650 _aC Programming
999 _c186319
_d186319